000 00877nam a22003017a 4500
001 BR8902956
003 BR-BrBNA
005 20230928093233.0
007 ta
008 230509b bl.||||| |||| 00| 0 por d
040 _aBR-BrBNA
_bpor
_cBiblioteca Nacional de Agricultura
041 _a(Por)
072 _aD50; H01
_b3877
_b3876
_b3875
090 _ 3877 BR8902956
100 1 _aGalvao, D.M. (coord.)
110 1 _aSecretaria Nacional de Defesa Agropecuaria, Brasilia, DF (Brasil). Secretaria de Defesa Sanitaria Vegetal
_99194
245 1 _aNormas para o registro de defensivos agricolas
260 3 _aBrasilia, DF (Brasil):
_c1980.
300 _a77 p.
650 _aDEFENSIVO
650 _aINSETICIDA
650 _aHERBICIDA
650 _aFUNGICIDA
650 _aDEFESA VEGETAL
650 _aPORTARIA
909 _a202309
_bLucia
_c55
_dLucia Elande
942 _cBK
999 _c43804
_d43804